LEADER 01472nkm 2200481 450 001 9910713780803321 005 20200724084057.0 035 $a(CKB)5470000002503873 035 $a(OCoLC)1176540886 035 $a(EXLCZ)995470000002503873 100 $a20200724d2001 ua i 101 0 $aeng 135 $aur||||||||||| 181 $csti$2rdacontent 182 $cc$2rdamedia 183 $acr$2rdacarrier 200 00$aGround-water flooding in glacial terrain 210 1$a[Reston,Va.] :$cUSGS,$d[2001?] 215 $a1 poster $ccolor ;$d61 x 91 cm 225 1 $aUSGS-WRIR ;$v00-4181 320 $aIncludes bibliographical references. 606 $aGlacial landforms$zWashington (State)$vPosters 606 $aFlood forecasting$zWashington (State)$vPosters 606 $aGroundwater flow$zWashington (State)$vPosters 606 $aFlood forecasting$2fast 606 $aGlacial landforms$2fast 606 $aGroundwater flow$2fast 607 $aWashington (State)$2fast 608 $aPosters.$2fast 615 0$aGlacial landforms 615 0$aFlood forecasting 615 0$aGroundwater flow 615 7$aFlood forecasting. 615 7$aGlacial landforms. 615 7$aGroundwater flow. 676 $a19.42/4:00-4181 712 02$aGeological Survey (U.S.), 801 0$bGPO 801 1$bGPO 906 $aBOOK 912 $a9910713780803321 996 $aGround-water flooding in glacial terrain$93335914 997 $aUNINA LEADER 03300oam 2200649I 450 001 9910959423103321 005 20251116235858.0 010 $a1-315-70662-8 010 $a1-317-47740-5 024 7 $a10.4324/9781315706627 035 $a(CKB)3710000000414897 035 $a(EBL)3569149 035 $a(SSID)ssj0001481290 035 $a(PQKBManifestationID)12531878 035 $a(PQKBTitleCode)TC0001481290 035 $a(PQKBWorkID)11496933 035 $a(PQKB)10724121 035 $a(MiAaPQ)EBC3569149 035 $a(OCoLC)958109230 035 $a(Au-PeEL)EBL3569149 035 $a(CaPaEBR)ebr11056293 035 $a(CaONFJC)MIL787689 035 $a(OCoLC)929508763 035 $a(EXLCZ)993710000000414897 100 $a20180706e20151990 uy 0 101 0 $aeng 135 $aur|n|---||||| 181 $ctxt 182 $cc 183 $acr 200 10$aAfter the waste land $ea democratic economics for the year 2000 /$fSamuel Bowles, David M. Gordon, Thomas E. Weisskopf 205 $a1st ed. 210 1$aLondon ;$aNew York :$cRoutledge,$d2015. 215 $a1 online resource (288 p.) 300 $aFirst published 1990 by M.E. Sharpe. 311 08$a0-87332-645-8 311 08$a0-87332-644-X 320 $aIncludes bibliographical references and index. 327 $a""Cover""; ""Half Title""; ""Title Page""; ""Copyright Page""; ""Dedication""; ""Table of Contents""; ""Tables""; ""Figures""; ""Preface""; ""Acknowledgments""; ""I. Economics as Politics""; ""Chapter 1. Economics as If People Mattered""; ""Chapter 2. Life on the Long Roller Coaster""; ""Chapter 3. The Obsolescence of New Deal Progressivism""; ""II. Anatomy of a Crisis""; ""Chapter 4. The Arithmetic of Economic Decline""; ""Chapter 5. The Rise and Demise of the Postwar Social Structure of Accumulation""; ""Chapter 6. The Road to Stagflation""; ""Chapter 7. Solving the Productivity Puzzle"" 327 $a""III. The Debacle of Right-Wing Economics""""Chapter 8. Right-Wing Economics: A Program for Business Ascendancy""; ""Chapter 9. Right-Wing Economics: The Human Costs""; ""Chapter 10. Right-Wing Economics: The Anatomy of Failure""; ""Chapter 11. The Economics of a 3 1/2-Day Weekend""; ""IV. The Promise of Democratic Economics""; ""Chapter 12. A Democratic Economy for the Year 2000""; ""Chapter 13. Beyond the Twin Deficits""; ""Chapter 14. Making Democracy Work""; ""Frequently Cited References""; ""Notes""; ""Index"" 330 $aThis critique of Reaganomics attempts to provide alternatives to both the supply experiments of the 1980s and neoliberal strategies of austerity. It presents arguments for economic democracy with a worker-oriented blueprint for improving productivity, growth, employment and economic justice. 606 $aRadical economics 607 $aUnited States$xEconomic conditions$y1981-2001 607 $aUnited States$xEconomic policy$y1981-1993 615 0$aRadical economics. 676 $a330.973 676 $a338.973 700 $aBowles$b Samuel.$0119363 701 $aGordon$b David M$035509 701 $aWeisskopf$b Thomas E$0119364 801 0$bMiAaPQ 801 1$bMiAaPQ 801 2$bMiAaPQ 906 $aBOOK 912 $a9910959423103321 996 $aAfter the waste land$94459084 997 $aUNINA LEADER 03075nam 22005531n 450 001 9910418035303321 005 20240220044713.0 035 $a(CKB)4100000011436001 035 $a(oapen)https://directory.doabooks.org/handle/20.500.12854/46041 035 $a(ES-EDUnebook)9788491685753 035 $a(oapen)doab46041 035 $a(EXLCZ)994100000011436001 100 $a20230330d2023 uy 0 101 0 $aspa 135 $aurmn|---annan 181 $ctxt$2rdacontent 182 $cc$2rdamedia 183 $acr$2rdacarrier 200 10$aEl Co?dice Boxer. Etnografi?a colonial e hibridismo cultural en las islas Filipinas 210 $cPublicacions i Edicions de la Universitat de Barcelona$d2020 210 1$cUniversitat De Barcelona 210 4$dcopyright 2019 215 $a1 electronic resource (207 pages) 225 1 $aCol·leccio? Transfere?ncies 1400-1800 311 08$a84-9168-575-8 330 $aEn 1950 Charles R. Boxer, antiguo espi?a brita?nico y profesor de historia colonial portuguesa y holandesa, publico? un arti?culo donde describi?a un bello co?dice que? e?l mismo habi?a adquirido en una subasta. El hoy denominado Co?dice Boxer, creado bajo el gobierno de Go?mez Pe?rez Dasmarin?as (1590-1593) en la colonia espan?ola de Filipinas, es un documento absolutamente excepcional tanto por su contenido textual como por sus bellas ilustraciones en color, probablemente realizadas por un artista chino del paria?n de Manila. En sus pa?ginas reu?ne veintido?s jornadas, derroteros y, sobre todo, relaciones etnogra?ficas de procedencia diversa, la mayori?a escritos originalmente en castellano, y otros traducidos del portugue?s o del chino. Entre textos e ima?genes, ofrece informacio?n sobre los pueblos nativos de Guam y Filipinas, el sudeste asia?tico (Borney, Maluku, Java, Aceh, Patani, Siam, Nueva Guinea), las costas de Champa y Vietnam, el norte de Formosa (Taiwa?n), Japo?n y China. El Co?dice, sin embargo, plantea innumerables interrogantes acerca de su autori?a, su cronologi?a precisa, sus finalidades y su cara?cter culturalmente hi?brido. El presente libro reu?ne, por primera vez, diversos estudios con el objetivo de dar respuesta a todas estas cuestiones. 606 $aColonialisme$2thub 606 $aEtnografia$2thub 606 $aAnàlisi transcultural$2thub 606 $aOrient i Occident$2thub 606 $aManuscrits$2thub 607 $aCastella$2thub 607 $aManila (Filipines)$2thub 608 $aLlibres electrònics$2thub 610 $aEtnografia 610 $aorient i Occident 610 $aHistòria 610 $aColonialisme 615 7$aColonialisme. 615 7$aEtnografia 615 7$aAnàlisi transcultural. 615 7$aOrient i Occident 615 7$aManuscrits. 700 $aManel Olle?$4auth$01285357 702 $aJoan-Pau Rubie?s$4auth 906 $aBOOK 912 $a9910418035303321 996 $aEl Códice Boxer. Etnografía colonial e hibridismo cultural en las islas Filipinas$93019526 997 $aUNINA